Superhéroes por sus otros alias - Estadísticas

Estadísticas generales
  • Esta prueba ha sido intentada 2.036 veces
    1.939 desde el último reinicio
  • La puntuación promedio es 8 de 14
Estadísticas de respuestas
Apodo Superhéroe % Correcto
El Caballero Oscuro Batman
98%
Dios del Trueno Thor
95%
Hijo de Krypton Superman
93%
El Increíble... Hulk
88%
Su amigo y vecino... Spider-Man
86%
Principe de Wakanda Pantera Negra
76%
El Vengador Dorado Iron Man
61%
El Chico Maravilla Robin
56%
Arma X Wolverine
51%
La Mata Dioses Mujer Maravilla
47%
Mercenario Bocazas Deadpool
45%
El Hombre sin Miedo Daredevil
20%
Caminante Diurno Blade
9%
Ragin' Cajun Gambito
9%
No se encontraron pruebas coincidentes
Distribución de puntuación
Porcentaje de gente con cada puntuación
Porcentaje por número respondido
Historial de tus puntuaciones
No has intentado esta prueba desde el último reinicio